| 000 | 00825cam a2200277 i 4500 | ||
|---|---|---|---|
| 999 |
_c3613 _d3613 |
||
| 001 | 390711 | ||
| 003 | OSt | ||
| 005 | 20181115181554.0 | ||
| 008 | 790117s1979 tnu b 001 0 eng | ||
| 010 | _a 79000438 | ||
| 020 |
_a0840790058 : _c$6.95 |
||
| 040 |
_aDLC _cDLC _dDLC |
||
| 043 | _aa-is--- | ||
| 050 | 0 | 0 |
_aBS649.J5 _bV3 |
| 082 | 0 | 0 |
_a236 _bI343I |
| 100 | 1 | _aVan Impe, Jack. | |
| 245 | 1 | 0 |
_aIsrael's final holocaust / _cJack Van Impe and Roger F. Campbell. |
| 260 |
_aNashville : _bT. Nelson, _cc1979. |
||
| 300 |
_a172 p. ; _c21 cm. |
||
| 504 | _aIncludes bibliographical references and index. | ||
| 630 | 0 | 0 |
_aBible _xProphecies _xJews. |
| 630 | 0 | 0 |
_aBible _xProphecies _xIsrael. |
| 700 | 1 |
_aCampbell, Roger F., _d1930- _ejoint author. |
|
| 906 |
_a7 _bcbc _corignew _d1 _eocip _f19 _gy-gencatlg |
||
| 942 |
_2ddc _cBK |
||